Hands Up Quiz Stats

 Plays Quiz Updated Dec 25, 2017

Also try: Eye Up This Quiz
Challenge
Share
Tweet
Embed
Score 0/20 Timer 03:00
1 Play Today
% Correct
all hands on deck
95.7%
hand-me-down
93.7%
bite the hand that feeds you
93.5%
have the upper hand
91.9%
caught red-handed
91.5%
have your hands full
90.9%
extra pair of hands
90.7%
sit on one's hands
89%
shake hands on
88.8%
play the hand one is dealt
87.8%
% Correct
time on one's hands
87.7%
know like the back of your hand
86.1%
an iron hand in a velvet glove
85.8%
be on hand
84.7%
safe pair of hands
83.7%
get out of hand
83.3%
at first hand
80.4%
a dab hand at something
74.6%
cap in hand
70.9%
hand in glove
67.4%

You're not logged in!

Compare scores with friends on all Sporcle quizzes.
OR
Log In

You Might Also Like...

Show Comments

Extras

Top Quizzes Today


Score Distribution

Your Account Isn't Verified!

In order to create a playlist on Sporcle, you need to verify the email address you used during registration. Go to your Sporcle Settings to finish the process.

Report this User

Report this user for behavior that violates our Community Guidelines.

Details: